Juegos de mesa - Estadísticas

Estadísticas generales
  • Esta prueba ha sido intentada 94 veces
  • La puntuación promedio es 13 de 20
Estadísticas de respuestas
Imagen Respuesta % Correcto
Ajedrez
99%
Dominó
98%
Monopoly
98%
Uno
98%
Damas
94%
Parchís
94%
La oca
89%
¿Quién es quién?
84%
Batalla naval
79%
Cluedo
71%
Jenga
68%
Scrabble
65%
Virus
60%
Catán
45%
Risk
45%
Rummy
39%
Dobble
37%
D&D
35%
Dixit
27%
Carcassonne
18%
No se encontraron pruebas coincidentes
Distribución de puntuación
Porcentaje de gente con cada puntuación
Porcentaje por número respondido
Historial de tus puntuaciones
No has intentado esta prueba.